000 00301 a2200145 4500
001 168242
020 _a
040 _cMagnum
100 _aPiaget, Jean
240 1 0 _aO juizo moral na crianca
_lpor
245 1 0 _aO juizo moral na crianca
362 0 _a1899
697 _aSEM ASSUNTO
942 _cBK
999 _c168242
_d168242